000 00246nam a2200109Ia 4500
008 190216s9999||||xx |||||||||||||| ||und||
100 _aAsees V A A
245 0 _aIbleesugalude Lokam
260 _bNbs Kottayam
650 _aMalayalam
942 _cBK
999 _c24708
_d24708